Allgemeine Physiologie.

Bibliographic Details
Main Author: Bethe, Albrecht Th. Julius, 1872-
Format: Book
Language:German
Published: Berlin : Springer, 1952.
Subjects:

MARC

Tag First Indicator Second Indicator Subfields
LEADER 00000cam a2200000 4500
001 in00000048769
005 20151007073636.0
008 760830s1952 wb a 00100 ger
010 |a  52002953  
035 |a (OCoLC)02403835 
035 |9 AAF0091AM 
040 |a DLC  |c VRC  |d TXA  |d UtOrBLW 
049 |a TXAM  |c [218549] 
050 0 0 |a QP31  |b .B49 
092 |a 591  |b B562a 
100 1 |a Bethe, Albrecht Th. Julius,  |d 1872- 
245 1 0 |a Allgemeine Physiologie. 
264 1 |a Berlin :  |b Springer,  |c 1952. 
300 |a 294 pages :  |b illustrations ;  |c 26 cm. 
336 |a text  |b txt  |2 rdacontent 
337 |a unmediated  |b n  |2 rdamedia 
338 |a volume  |b nc  |2 rdacarrier 
650 0 |a Physiology. 
999 |a MARS 
999 f f |s 37bd8fb4-7c4a-341b-b613-6a43485f4e0c  |i 863a6a8f-9207-3d15-b466-9afe2c253ac4  |t 0 
952 f f |p ric  |a Texas A&M University  |b Rellis Campus  |c Joint Library Facility  |d Remote Storage  |t 0  |e QP31 .B49  |h Library of Congress classification  |i unmediated -- volume  |m A14801005034 
998 f f |a QP31 .B49  |t 0  |l Remote Storage